Cities closest to Amsterdam - Statistics

General Stats
  • This quiz has been taken 559 times
  • The average score is 10 of 15
Answer Stats
Distance (km) Answer % Correct
58 Rotterdam
96%
357 London
86%
53 The Hague
86%
428 Paris
84%
365 Hamburg
80%
132 Antwerp
78%
212 Cologne
74%
181 Düsseldorf
68%
363 Frankfurt
68%
199 Dortmund
54%
177 Essen
52%
275 Bremen
49%
326 Hanover
45%
460 Leeds
27%
441 Sheffield
18%
No matching quizzes found
Score Distribution
Percent of People with Each Score
Percentile by Number Answered
Your Score History
You have not taken this quiz